Deutsche Städte in Teile zerstückelt - Statistiken

Allgemein
  • Dieses Quiz wurde 695 mal gespielt
  • Das Durchschnittsergebnis liegt bei 15 aus 20
Antwortstatistiken
Capital Name % Korrekt
BIE LE FELD Bielefeld
93%
KAR LSR UHE Karlsruhe
90%
DO RTM UND Dortmund
89%
ST UTT GART Stuttgart
86%
HAN NO VER Hannover
85%
OLD ENBU RG Oldenburg
85%
DR ESD EN Dresden
83%
PA DER BORN Paderborn
79%
CH EM NITZ Chemnitz
78%
KO BL ENZ Koblenz
78%
HIL DESH EIM Hildesheim
77%
WI ESBA DEN Wiesbaden
76%
FR EIB URG Freiburg
75%
PO TS DAM Potsdam
75%
ROS TO CK Rostock
72%
DU IS BURG Duisburg
71%
SAL ZGIT TER Salzgitter
70%
KA SS EL Kassel
60%
BA YRE UTH Bayreuth
51%
SCH WE RIN Schwerin
50%
Keine übereinstimmenden Quizze gefunden
Verteilung der Resultate
Anzahl Personen mit jedem Resultat
Perzentil nach korrekt beantworteten Fragen
Ihre Resultats-Entwicklung
Sie haben dieses Quiz noch nicht gespielt